00856nam a2200241Ia 4500001000600000003000900006008004100015040001300056040001300069041001300082100002400095100002900119245003000148245002900178250001100207260001000218260001400228260004900242300004300291500023300334650001600567650003100583 9129IT-RoPAU130308s9999 xx 000 0 und d aIT-RoPAU cIT-RoPAU aFRANCESE aRichaudeau Francois gCodice Aut. SPICS: 2061 aLinguistique pragmatique  bLinguistique Pragmatique a1a ed. aPARIS bRetz/Cepl c1981 [1° Ed.:1981 - Ed.Ling.Originale:1981] a"220 p. (prefazione: no ; testo: 220)" aLinguistica Pragmatica Percezione Memoria e Linguaggio Costruire una Frasescrivere delle Frasi Scrivere un testo Letterario 248 Frasi di Proust Linguistica e Leggibilità pensiero e Parole Memoria e Parole Frasi Lunghe Stile aLINGUISTICA eCodice materia Spics: 3201